1266 1728 1186 1241 1370 1812 1322 1060 1683 1150 1960 1820 1665 1106 1455 1531 1546 1828 1220 1176 1774 1415 1953 1254 1928 1347 1570 1212 1738 1625 1006 1914 1414 1284 1810 1223 1448 1681 1114 1036 1338 1931 1550 1142 1461 1480 1923 1019 1134 1971 1764 1529 1834 1613 1143 1992 1033 1389 1063 1872 1298 1993 1745 1558 1316 1825 1723 1292 1562 1505 1555 1187 1417 1171 1108 1006 1394 1628 1011 1019 1714 1407 1197 1993 1604 1465 1994 1747 1229 1892 1960 1744 1897 1493 1557 1235 1356 1707 1340 BCNSPRNW ULIB Ver.6.0+V

เปลี่ยนเป็นภาษาไทย

Change to English
 แสดงรายละเอียดบรรณานุกรม
  กลับหน้าหลัก

Brief Record : Get Marc (ISO 2709) : E-mail record : QR code < ปิดหน้าต่าง
LEADER : 00000nam 2200000uu 4500
001    13399123568
003     ULIB
008    020711s|||| th a 000 0 tha d
020    9746055674
060    WY16^bo437
245    เอกลักษณ์ของพยาบาลวิชาชีพ
260     ^bม.ป.ท.,^cม.ป.ป.
945    ^p0^l0^i006534
945    ^p0^l0^i
945    ^p0^l0^i006533
945    ^p0^l0^i006531
รายการนี้ยังไม่มีแท็ก
คุณยังไม่ได้ล็อกอิน คุณสามารถมีกิจกรรมร่วมกับเว็บไซต์ได้ แต่ต้องล็อกอินก่อน ::
  ล็อกอิน

รายการสื่อสารสนเทศ

ลำดับที่ ประเภท เลขเรียก/บาร์โค้ด สถานที่ สถานะ
1. Book การพยาบาล
Book การพยาบาล
WY16 o437 ฉ.1 
  Barcode: 006531
ห้องสมุดวิทยาเขตสวรรค์ประชารักษ์
►หนังสือทั่วไป
บนชั้น
2. วิทยาศาสตร์การแพทย์ และสุขภาพ
วิทยาศาสตร์การแพทย์ และสุขภาพ
 ฉ.2 **
  Barcode:
ห้องสมุดวิทยาเขตสวรรค์ประชารักษ์
►หนังสือทั่วไป
บนชั้น
3. Book การพยาบาล
Book การพยาบาล
WY16 o437 ฉ.3 
  Barcode: 006533
ห้องสมุดวิทยาเขตสวรรค์ประชารักษ์
►หนังสือทั่วไป
บนชั้น
4. วิทยาศาสตร์การแพทย์ และสุขภาพ
วิทยาศาสตร์การแพทย์ และสุขภาพ
WY16 o437 ฉ.4 
  Barcode: 006534
ห้องสมุดวิทยาเขตสวรรค์ประชารักษ์
►หนังสือทั่วไป
บนชั้น

BibComment


ยังไม่เคยถูกคอมเมนท์

คอมเมนท์ทรัพยากรรายการนี้
  คอมเมนท์: เอกลักษณ์ของพยาบา..


 Copyright 2026. Bcnsprnw @Library